| 000 | 00846nas a2200265 4500 | ||
|---|---|---|---|
| 001 | BR2014005671 | ||
| 003 | BR-BrBNA | ||
| 005 | 20231205124457.0 | ||
| 007 | ta | ||
| 008 | 230509b bl.|||p| |||| 00| 00por d | ||
| 040 |
_aBR-BrBNA _bpor _cBiblioteca Nacional de Agricultura |
||
| 041 | _a(Pt) | ||
| 072 | _aF70 | ||
| 100 | 1 | _aBrito, E. da S. | |
| 100 | 1 | _aIlkiu-Borges, A.L. | |
| 245 | 1 | _aBriófitas de uma área de terra firme no município de Mirinzal e novas ocorrências para o estado do Maranhão, Brasil | |
| 650 | _aBRIOFITA | ||
| 650 | _aMUSGO | ||
| 650 | _aECOSSISTEMA | ||
| 650 | _aTAXONOMIA | ||
| 650 | _aDISTRIBUIÇÃO GEOGRÁFICA | ||
| 773 | 0 |
_tIheríngia. Série Botânica (Brasil) _xISSN 0073-4705 _g(Jul 2014), v. 69(1) p. 133-142 _wBR2014005671 |
|
| 909 |
_a202311 _bLúcia _c55 _dLúcia Elande |
||
| 942 |
_2AGRIS _n0 _cANA |
||
| 999 |
_c239275 _d239275 |
||